=LDR 00000nam 2200000 4500 =001 INLIS000000000054421 =005 20200129074533 =035 ##$$a 0010-0120000199 =245 1#$$a Hukum kepegawaian di Indonesia /$c Sri Hartini, Tedi Sudrajat =250 ##$$a Ed.2 Cet.2 =300 ##$$a xii, 242 halaman : $b ilustrasi ; $c 16x23 cm. =700 #$$a Tedi Sudrajat =264 ##$$a Jakarta Timur :$b Sinar Grafika,$c 2018 =336 ##$$a teks$2 rdacontent =337 ##$$a lain-lain$2 rdamedia =338 ##$$a lain-lain$2 rdacarrier =082 ##$$a 341 =084 ##$$a 341 Sri h =020 ##$$a 978-979-007-740-9 =600 #4$$a Hukum =990 ##$$a 3201901791 =990 ##$$a 3201901790 =990 ##$$a 00310031 =990 ##$$a 00310031